000
00316nam a22001451a 4500
020
_a
9788186599426
082
_a
H 510
_b
VYA/R
100
_a
Vyas S M
245
_a
Rochak Ganit/
_c
by Vyas S M
260
_a
Jaipur:
_b
Surabhi,
_c
2008.
300
_a
150p.
650
_a
Mathematics
650
_a
Science
942
_c
BK
999
_c
38558
_d
38558